00618nam a22001337a 450000500170000010000700001724501250008726000270021230000090023994200110024899900170025995201040027695201040038020260629143307.0 aMushraf Alia21-MSM-10aSupervisor - Dr. Kamran Nazir Memon91050 aThe Influence of Slip Condition on Tank Drainage for Third Order Fluid by Using Adomian Decomposition Method (Thesis MS) aNawabshahbQUESTc2024 a85p. cTHESIS c69103d69100 00104070aRESEARCHbRESEARCHd2026-06-29l0pMP/102-1511r2026-06-29 14:33:35w2026-06-29yTHESIS 00104070aRESEARCHbRESEARCHd2026-06-29l0pMP/102-1512r2026-06-29 14:33:35w2026-06-29yTHESIS